<?xml version="1.0" encoding="UTF-8"?>
<record
    xmlns:xsi="http://www.w3.org/2001/XMLSchema-instance"
    xsi:schemaLocation="http://www.loc.gov/MARC21/slim http://www.loc.gov/standards/marcxml/schema/MARC21slim.xsd"
    xmlns="http://www.loc.gov/MARC21/slim">

  <leader>01134nam a22002417a 4500</leader>
  <controlfield tag="001">3601</controlfield>
  <controlfield tag="003">FISKH</controlfield>
  <controlfield tag="005">20240325100332.0</controlfield>
  <controlfield tag="008">240325b        cb ||||| |||| 00| 0 eng d</controlfield>
  <datafield tag="040" ind1=" " ind2=" ">
    <subfield code="a">FISKH</subfield>
    <subfield code="b">khr </subfield>
    <subfield code="c">FISKH</subfield>
    <subfield code="d">FISKH</subfield>
  </datafield>
  <datafield tag="050" ind1=" " ind2=" ">
    <subfield code="a">PZ7 </subfield>
  </datafield>
  <datafield tag="082" ind1=" " ind2=" ">
    <subfield code="a">808.1</subfield>
  </datafield>
  <datafield tag="100" ind1=" " ind2=" ">
    <subfield code="a">Ly Somony</subfield>
  </datafield>
  <datafield tag="245" ind1=" " ind2=" ">
    <subfield code="a">&#x1780;&#x17C6;&#x1793;&#x17B6;&#x1796;&#x17D2;&#x1799;&#x1781;&#x17D2;&#x1798;&#x17C2;&#x179A; /</subfield>
    <subfield code="c">&#x178A;&#x17C4;&#x1799; &#x179B;&#x17B8; &#x179F;&#x17BB;&#x1798;&#x17BB;&#x1793;&#x17B8; ; &#x179C;&#x17B7;&#x1785;&#x17B7;&#x178F;&#x17D2;&#x179A;&#x1780;&#x179A; &#x1794;&#x17C9;&#x17B6;&#x1793;&#x17CB; &#x178F;&#x17D2;&#x179A;&#x17B6; </subfield>
  </datafield>
  <datafield tag="260" ind1=" " ind2=" ">
    <subfield code="a">&#x1797;&#x17D2;&#x1793;&#x17C6;&#x1796;&#x17C1;&#x1789; :</subfield>
    <subfield code="b">&#x1780;&#x17D2;&#x179A;&#x179F;&#x17BD;&#x1784;&#x17A2;&#x1794;&#x17CB;&#x179A;&#x17C6; &#x1799;&#x17BB;&#x179C;&#x1787;&#x1793; &#x1793;&#x17B7;&#x1784;&#x1780;&#x17B8;&#x17A1;&#x17B6;,</subfield>
    <subfield code="c">2009.</subfield>
  </datafield>
  <datafield tag="300" ind1=" " ind2=" ">
    <subfield code="a">189 pages</subfield>
    <subfield code="c">25 cm                                                                                                                                                           </subfield>
  </datafield>
  <datafield tag="520" ind1=" " ind2=" ">
    <subfield code="a">&#x179A;&#x17C0;&#x1794;&#x179A;&#x17B6;&#x1794;&#x17CB;&#x1796;&#x17B8;&#x179A;&#x1794;&#x17C0;&#x1794;&#x178F;&#x17B6;&#x1780;&#x17CB;&#x178F;&#x17C2;&#x1784;&#x1780;&#x17C6;&#x1793;&#x17B6;&#x1796;&#x17D2;&#x1799; &#x1780;&#x17C6;&#x1793;&#x17B6;&#x1796;&#x17D2;&#x1799; &#x1793;&#x17B7;&#x1784;&#x1794;&#x1791;&#x1796;&#x17B6;&#x1780;&#x17D2;&#x1799;&#x17E6; &#x17E7;&#x200B; &#x17E8; &#x1793;&#x17B7;&#x1784; &#x17E9;&#x17D4;</subfield>
  </datafield>
  <datafield tag="520" ind1=" " ind2=" ">
    <subfield code="a">Describe how to compose poems, verses and verses 6, 7, 8 and 9.</subfield>
  </datafield>
  <datafield tag="650" ind1=" " ind2=" ">
    <subfield code="a">&#x1780;&#x17C6;&#x178E;&#x17B6;&#x1796;&#x17D2;&#x1799;&#x1781;&#x17D2;&#x1798;&#x17C2;&#x179A;</subfield>
  </datafield>
  <datafield tag="650" ind1=" " ind2=" ">
    <subfield code="a">Khmer Poem </subfield>
  </datafield>
  <datafield tag="942" ind1=" " ind2=" ">
    <subfield code="2">ddc</subfield>
    <subfield code="c">KHB</subfield>
    <subfield code="n">0</subfield>
  </datafield>
  <datafield tag="999" ind1=" " ind2=" ">
    <subfield code="c">3601</subfield>
    <subfield code="d">3601</subfield>
  </datafield>
  <datafield tag="952" ind1=" " ind2=" ">
    <subfield code="0">0</subfield>
    <subfield code="1">0</subfield>
    <subfield code="2">ddc</subfield>
    <subfield code="4">0</subfield>
    <subfield code="7">0</subfield>
    <subfield code="8">REF</subfield>
    <subfield code="a">001</subfield>
    <subfield code="b">001</subfield>
    <subfield code="c">OKHR</subfield>
    <subfield code="d">2024-03-25</subfield>
    <subfield code="l">0</subfield>
    <subfield code="o">MON 808.1 PZ7 </subfield>
    <subfield code="p">FISTK03556</subfield>
    <subfield code="r">2024-03-25 10:02:32</subfield>
    <subfield code="t">1</subfield>
    <subfield code="w">2024-03-25</subfield>
    <subfield code="y">KHB</subfield>
  </datafield>
  <datafield tag="952" ind1=" " ind2=" ">
    <subfield code="0">0</subfield>
    <subfield code="1">0</subfield>
    <subfield code="2">ddc</subfield>
    <subfield code="4">0</subfield>
    <subfield code="7">0</subfield>
    <subfield code="8">REF</subfield>
    <subfield code="a">001</subfield>
    <subfield code="b">001</subfield>
    <subfield code="c">OKHR</subfield>
    <subfield code="d">2024-03-25</subfield>
    <subfield code="l">0</subfield>
    <subfield code="o">MON 808.1 PZ7 </subfield>
    <subfield code="p">FISTK03557</subfield>
    <subfield code="r">2024-03-25 10:03:00</subfield>
    <subfield code="t">2</subfield>
    <subfield code="w">2024-03-25</subfield>
    <subfield code="y">KHB</subfield>
  </datafield>
</record>
